Strategy Implementation Process and Performance of NGCDF Projects in Kenya Case of Kajiado North NGCDF
محفوظ في:
| المؤلف الرئيسي: | |
|---|---|
| التنسيق: | كتاب |
| اللغة: | الإنجليزية |
| منشور في: |
Nairobi
Daystar University
2024
|
| الموضوعات: | |
| الوسوم: |
لا توجد وسوم, كن أول من يضع وسما على هذه التسجيلة!
|
MARC
| LEADER | 00000nam a22000007a 4500 | ||
|---|---|---|---|
| 003 | OSt | ||
| 005 | 20250827145618.0 | ||
| 008 | 250827b |||||||| |||| 00| 0 eng d | ||
| 040 | |a DUL |b Eng |c DUL |d GKanini | ||
| 050 | |a HD69.K4M86 2024 | ||
| 100 | |a Munene, Bryon Murimi |e author | ||
| 245 | |a Strategy Implementation Process and Performance of NGCDF Projects in Kenya |b Case of Kajiado North NGCDF |c by Bryon Murimi Munene | ||
| 260 | |a Nairobi |b Daystar University |c 2024 | ||
| 300 | |a xi, 119 p |b ill | ||
| 500 | |a A Thesis presented to the School of Business and Economics of Daystar University Nairobi, Kenya in partial fulfilment of the requirements for the degree of Master of Business Administration in Strategic Management and Project Management. | ||
| 650 | |a project planning | ||
| 650 | |a project implementation | ||
| 942 | |2 lcc |c THES |h HD69 |i .K4M86 |k THES |m 2024 |6 HD0069 K4 M86 | ||
| 952 | |0 0 |1 0 |2 lcc |4 0 |6 HD0069 K4 M86 02024 |7 0 |8 AFR |9 143908 |a DUA |b DUA |c AFR |d 2025-08-27 |e Daystar University |g 2500.00 |l 0 |o HD69.K4M86 2024 |p BK0113559 |r 2025-08-27 14:56:39 |w 2025-08-27 |x 113559 |y THES | ||
| 952 | |0 0 |1 0 |2 lcc |4 0 |6 HD0069 K4 M86 02024 |7 0 |8 AFR |9 143909 |a DUN |b DUN |c AFR |d 2025-08-27 |e Daystar University |g 2500.00 |l 0 |o HD69.K4M86 2024 |p BK0113560 |r 2025-08-27 14:56:00 |w 2025-08-27 |x 113560 |y THES | ||
| 999 | |c 249062 |d 249061 | ||